000 00353pab a2200133 454500
008 180718b1984 xxu||||| |||| 00| 0 eng d
100 _aCaiden, Gerald
245 _aOmbudsmen in developing democracies
_bComment
260 _c1984
300 _a221-6
650 _aOmbudsman
773 _aInternational Review of Administrative Science
909 _a14392
999 _c14392
_d14392